Fish in nutrition
Sábháilte in:
| Príomhchruthaitheoirí: | , |
|---|---|
| Údair chorparáideacha: | , |
| Formáid: | LEABHAR |
| Teanga: | Béarla |
| Foilsithe / Cruthaithe: |
Londres
Fishing News
1962
|
| Ábhair: | |
| Clibeanna: |
Cuir clib leis
Níl clibeanna ann, Bí ar an gcéad duine le clib a chur leis an taifead seo!
|
MARC
| LEADER | 00000nam a2200000 a 4500 | ||
|---|---|---|---|
| 001 | UCR5667 | ||
| 003 | CL-VaPUC | ||
| 008 | 980403e19620000UK |||||||||||||||||eng|d | ||
| 082 | 0 | 4 | |a 641.392 |b HEE |2 21 |
| 100 | |a Heen, Eirik |e author |9 407656 | ||
| 700 | |a Kreuzer, Rudolf |e author |9 407657 | ||
| 110 | 2 | |a FAO |e author |9 406561 | |
| 710 | 2 | |a Food and Agriculture Organization of the United Nations |e author |9 406562 | |
| 245 | 1 | 0 | |a Fish in nutrition |
| 300 | |a 447 p | ||
| 942 | |c BK | ||
| 945 | |d 19980403 00:00:00 |a crobeson | ||
| 260 | |a Londres |b Fishing News |c 1962 | ||
| 650 | 7 | |a PESCADO COMO ALIMENTO |2 CL-VaPUC |9 259401 | |
| 650 | 7 | |a PESCADOS |2 CL-VaPUC |9 371658 | |
| 650 | 0 | |a Alimentos marinos |9 259402 | |
| 650 | 0 | |a Recursos marinos |9 261196 | |
| 650 | 0 | |a Nutrición |9 259434 | |
| 583 | |a last modification |c 19980403 00:00:00 |k Rodrigo Vera | ||
| 999 | |c 268129 |d 268127 | ||
| 952 | |0 0 |1 0 |4 0 |6 641_392000000000000_HEE_1962 |7 0 |8 A |9 301058 |a BIBALI |b BIBALI |d 2019-11-20 |i 1977180 |o 641.392 HEE 1962 |p 1977180 |r 2025-01-20 |w 2019-11-20 |y BK |k ALI | ||